Missing Word: Monty Python Sketches Quiz Stats

 Plays Quiz Updated Aug 7, 2018

Challenge
Share
Tweet
Embed
Score 0/16 Timer 03:00
1 Play Today
Sketch Missing Word % Correct
The Spanish _____Inquisition
86.5%
Olympic Hide and _____ FinalSeek
84.3%
The Lumberjack _____Song
81%
_____ ParrotDead
81%
The Ministry of Silly _____Walks
80.7%
Nudge _____Nudge
68.6%
Upper Class _____ of the YearTwit
54%
Funniest _____ in the WorldJoke
48.6%
Sketch Missing Word % Correct
Self Defense Against Fresh _____Fruit
46.6%
The Fish-Slapping _____Dance
46.3%
Cheese _____Shop
45.5%
Philosophers' _____ MatchFootball
37.9%
Election _____ SpecialNight
36.3%
How Not to Be _____Seen
30.2%
_____ ClinicArgument
29%
Vocational _____ CounselorGuidance
22.6%

Today's Daily Dose

Missing Word
Top 10 Artists

Word Ladder
'70s Song II

On This Day
October 20th II

You're not logged in!

Compare scores with friends on all Sporcle quizzes.
Join for Free
OR
Log In

You Might Also Like...

Show Comments

Extras

Top Quizzes Today


Score Distribution

Your Account Isn't Verified!

In order to create a playlist on Sporcle, you need to verify the email address you used during registration. Go to your Sporcle Settings to finish the process.

Report this User

Report this user for behavior that violates our Community Guidelines.

Details: